| 000 | 00371nam a22001337a 4500 | ||
|---|---|---|---|
| 005 | 20250925101959.0 | ||
| 008 | 250925b |||||||| |||| 00| 0 eng d | ||
| 050 |
_aSB118 _b46 LON |
||
| 100 | _aLONGMAN K. A. | ||
| 245 |
_aTROPICAL TREES; _bA PRACTICAL MANUAL FOR GROWING GOOD NURSERY STOCK |
||
| 260 |
_aLONDON _bBLACKETON HALL _c1988 |
||
| 300 | _a226p | ||
| 942 |
_2lcc _cBK _n0 |
||
| 999 |
_c7703 _d7703 |
||